000 00683nam a2200241 i 4500
001 12661
003 ES-MaACL
005 20230906150353.0
007 t|
008 920903s1992 sp a |||| | spa j
020 _a84-7720-245-1
080 _a535.1:133
100 1 _aBiolcati, Vicente Alberto.
_928936
245 1 3 _aLa luz /
_cVicente Alberto Biolcati.
250 _a1ª ed.
260 _aBarcelona :
_bObelisco,
_c1992.
300 _a58 p :
_bil ;
_c21 cm.
490 1 _aBiblioteca de los símbolos ;
_v7
650 1 4 _aLuz-
_xAspectos simbólicos.
_914717
830 0 _aBiblioteca de los símbolos ;
_v7
_9179345
852 _aES-MaACL
_jL-20106
999 _c12661
_d12661